000 00349nam a2200145Ia 4500
003 OSt
005 20240329110849.0
008 170523s9999 xx 000 0 und d
020 _a978-8126531684
040 _cIIMT UNIVERSITY MEERUT
100 _aPalm- William J. lll
245 0 _aMechanical Vibration
260 _aWiley India
942 _2ddc
_c02
999 _c12434
_d12434